Sửa chữa và quấn lại động cơ điện : Dùng cho các trường đào tạo hệ trung cấp chuyên nghiệp và dạy nghề

שמור ב:
מידע ביבליוגרפי
מחבר ראשי: Bùi, Văn Yên
פורמט: ספר
שפה:Undetermined
יצא לאור: Hà Nội Giáo dục 2007
נושאים:
תגים: הוספת תג
אין תגיות, היה/י הראשונ/ה לתייג את הרשומה!
Thư viện lưu trữ: Trung tâm Học liệu Trường Đại học Cần Thơ
LEADER 00704nam a2200217Ia 4500
001 CTU_128441
008 210402s9999 xx 000 0 und d
020 |c 22000 
082 |a 621.46 
082 |b Y254 
100 |a Bùi, Văn Yên 
245 0 |a Sửa chữa và quấn lại động cơ điện : 
245 0 |b Dùng cho các trường đào tạo hệ trung cấp chuyên nghiệp và dạy nghề 
245 0 |c Bùi Văn Yên 
260 |a Hà Nội 
260 |b Giáo dục 
260 |c 2007 
650 |a Electric engineering,Electric motors 
650 |x Materials 
904 |i Tuyến 
980 |a Trung tâm Học liệu Trường Đại học Cần Thơ